News (notice n° 1573019)

détails MARC
000 -LEADER
fixed length control field 02046cam a2200217 4500500
005 - DATE AND TIME OF LATEST TRANSACTION
control field 20251214025808.0
041 ## - LANGUAGE CODE
Language code of text/sound track or separate title fre
042 ## - AUTHENTICATION CODE
Authentication code dc
100 10 - MAIN ENTRY--PERSONAL NAME
Personal name Simos, Jean
Relator term author
245 00 - TITLE STATEMENT
Title News
260 ## - PUBLICATION, DISTRIBUTION, ETC.
Date of publication, distribution, etc. 2025.<br/>
500 ## - GENERAL NOTE
General note 60
520 ## - SUMMARY, ETC.
Summary, etc. Introduction The objective of this study is to evaluate the factorial structure and psychometric properties of a climate fatigue scale among the Quebec adult population. This scale is an adaptation of the Pandemic Fatigue Scale. Methodology A web survey was carried out in October 2021 among 10,368 adult residents of Quebec. The factor structure of the scale and gender invariance were tested using confirmatory factor analyses. Convergent and divergent validity were also assessed. The reliability of the scale scores was estimated from the total and hierarchical omega coefficients. Results The analyses reveal the presence of a hierarchical structure with two first-order factors, information fatigue and behavioural fatigue, which are linked to a second-order factor, namely a general factor climate fatigue. Measurement invariance is established for the gender of the respondents. The results of convergent and divergent validity support the relevance of the use of this new scale. The composite reliability of the scale is excellent. Conclusion The results confirm the existence of a second-order hierarchical structure. A high correlation between the two first-order factors, suggests using only the general climate factor in further analyses. All psychometric properties of the scale suggest that its use is appropriate among the Quebec adult population.
700 10 - ADDED ENTRY--PERSONAL NAME
Personal name Millot, Isabelle
Relator term author
700 10 - ADDED ENTRY--PERSONAL NAME
Personal name Grémy, Isabelle
Relator term author
700 10 - ADDED ENTRY--PERSONAL NAME
Personal name Mejean, Caroline
Relator term author
700 10 - ADDED ENTRY--PERSONAL NAME
Personal name Marano, Francelyne
Relator term author
700 10 - ADDED ENTRY--PERSONAL NAME
Personal name Ronga-Pezeret, Sylvaine
Relator term author
786 0# - DATA SOURCE ENTRY
Note Environnement, Risques & Santé | 24 | 6 | 2025-11-26 | p. 331-340 | 1635-0421
856 41 - ELECTRONIC LOCATION AND ACCESS
Uniform Resource Identifier <a href="https://stm.cairn.info/journal-environnement-risques-sante-2025-6-page-331?lang=en&redirect-ssocas=7080">https://stm.cairn.info/journal-environnement-risques-sante-2025-6-page-331?lang=en&redirect-ssocas=7080</a>

Pas d'exemplaire disponible.

PLUDOC

PLUDOC est la plateforme unique et centralisée de gestion des bibliothèques physiques et numériques de Guinée administré par le CEDUST. Elle est la plus grande base de données de ressources documentaires pour les Étudiants, Enseignants chercheurs et Chercheurs de Guinée.

Adresse

627 919 101/664 919 101

25 boulevard du commerce
Kaloum, Conakry, Guinée

Réseaux sociaux

Powered by Netsen Group @ 2025